000 00488nmm a2200169Ia 4500
008 251105s9999||||xx |||||||||||||||||und||
020 _a9788483931769
041 _aspa
100 _aRoas, David
245 0 _aBienvenidos a Incaland®
264 _a[Madrid, España] :
_bEditorial Páginas de Espuma,
_c2014
300 _a118 páginas
490 _aVoces. Literatura
650 _aScience fiction & Fantasy
856 _uhttps://public.digitaliapublishing.com/a/44169
942 _cCF
999 _c86382
_d86382